Escalas y empleos Guardia Civil - Estadísticas

Estadísticas generales
  • Esta prueba ha sido intentada 15 veces
  • La puntuación promedio es 13 de 17
Estadísticas de respuestas
Escala de Cabos y Guardias % Correcto
Mayor empleo Cabo Mayor
100%
Capitán
86%
Menor empleo Guardia Civil
86%
Teniente Coronel
86%
Brigada
71%
Cabo
71%
Cabo Primero
71%
Comandante
71%
Coronel
71%
General de División
71%
Sargento
71%
Sargento Primero
71%
Suboficial Mayor
71%
Subteniente
71%
Teniente
71%
Teniente General
71%
General de Brigada
57%
No se encontraron pruebas coincidentes
Distribución de puntuación
Porcentaje de gente con cada puntuación
Porcentaje por número respondido
Historial de tus puntuaciones
No has intentado esta prueba.